Statistics for South Charleroi Airport destinations ( CRL)

Click here to take the quiz!

General Stats

  • This quiz has been taken 6 times
  • The average score is 66 of 90

Answer Stats

HintAnswer% Correct
GreeceAthens
100%
ItalyBari
100%
FranceBordeaux
100%
SlovakiaBratislava
100%
ItalyBrindisi
100%
RomaniaBucharest
100%
MoroccoCasablanca
100%
GreeceHeraklion
100%
TurkeyIstanbul
100%
PolandKrakow
100%
MaltaMalta
100%
MoroccoMarrakesh
100%
BelarusMinsk
100%
FranceMontpellier
100%
ItalyPalermo
100%
SpainPalma de Mallorca
100%
PortugalPorto
100%
Czech republicPrague
100%
LatviaRiga
100%
ItalyRome
100%
North MecdoniaSkopje
100%
BulgariaSofia
100%
SwedenStockholm
100%
Morocco
Tangier
100%
GeorgiaTbilisi
100%
IsraelTel Aviv
100%
GreeceThessaloniki
100%
FranceToulouse
100%
ItalyTurin
100%
ItalyVenice
100%
AustriaVienna
100%
LithuaniaVilnius
100%
PolandWarsaw
100%
MoroccoAgadir
80%
FranceAjaccio
80%
SpainAlicante
80%
SpainAlmeria
80%
SpainBarcelona
80%
ItalyBergamo
80%
ItalyBologna
80%
AlgeriaConstantine
80%
DenmarkCopenhagen
80%
GreeceCorfu
80%
IrelandDublin
80%
PortugalFaro
80%
MoroccoFez
80%
RomaniaIasi
80%
PortugalLisbon
80%
FranceNantes
80%
ItalyNaples
80%
AlgeriaOran
80%
ItalyPisa
80%
MontenegroPodgorica
80%
MoroccoRabat
80%
SpainValencia
80%
ItalyAncona
60%
FranceBastia
60%
FranceBiarritz
60%
ItalyCagliari
60%
GreeceChania
60%
RomaniaCluj-Napoca
60%
United KingdomEdinburgh
60%
SpainGran canaria
60%
EgyptHurghada
60%
FranceLa Rochelle
60%
SpainMadrid
60%
SpainMalaga
60%
MoroccoOujda
60%
GreecePatras
60%
FrancePerpignan
60%
CroatiaPula
60%
EgyptSharm-el-Sheikh
60%
RomaniaTimisoara
60%
CroatiaZadar
60%
FranceCalvi
40%
ItalyPescara
40%
SpainReus
40%
SpainSantander
40%
ItalyVerona
40%
RomaniaCraiova
20%
FranceFigari
20%
SpainFuerteventura
20%
SpainGirona
20%
MoroccoNador
20%
ItalyPerugia
20%
SpainSevilla
20%
SpainTenerife ( south )
20%
MoroccoAl Hoceima
0%
FranceBergerac
0%
FranceCarcassone
0%

Score Distribution

Percentile by Number Answered

Percent of People with Each Score

Your Score History

You have not taken this quiz